La calamidad del hambre ¿Qu ̌pasa con el derecho ms̀ bs̀ico?

Bibliographic Details
Main Author: Alemany, Macario
Format: eBook
Language:Spanish
Published: Lima : Palestra Editores, 2012
Subjects:
Online Access:http://www.vlex.com/source/11060

MARC

LEADER 00000nam a22000007a 4500
005 20130426114506.0
007 cr|||| ||||
008 130426t2012 pe |||||s|||| 00||0 spa d
020 |a 978-612-4047-85-5 
035 |a 11060 
040 |a vLex 
090 |c 4191  |d 4191 
100 1 0 |a Alemany, Macario 
245 1 3 |a La calamidad del hambre  |b ¿Qu ̌pasa con el derecho ms̀ bs̀ico?  |c / Macario Alemany   |h [Recurso electrn̤ico] 
256 |a Servicio en ln̕ea 
260 |a Lima :  |b Palestra Editores,   |c 2012 
300 |a 1 Recurso electrn̤ico 
506 |d vLex Global  |d vLex Global (Academic Edition, excluding Law Schools)  |d vLex Global (U.S. Academic Edition, Law Schools)  |d vLex Global (U.S. Academic Edition, excluding Law Schools)  |d vLex Global (Academic Edition, Law Schools) 
650 0 4 |a Derechos humanos 
650 0 4 |a Alimentacin̤ 
650 0 4 |a Hambre 
740 |a vLex Libros (Servicio en ln̕ea) 
856 |a Acceso restringido  |u http://www.vlex.com/source/11060 
942 |c BOOK 
999 0 |a Human rights